| 000 | 01101cam a2200301 i 4500 | ||
|---|---|---|---|
| 001 | 22281726 | ||
| 003 | OSt | ||
| 005 | 20250619114550.0 | ||
| 008 | 211021s2023 paua b 001 0 eng | ||
| 020 | _a9781719645768 (paperback) | ||
| 024 | _cUSD 152 | ||
| 040 |
_aDNLM/DLC _beng _erda _cDLC _dNUST |
||
| 050 | 0 | 0 | _aRC440 MOR |
| 100 | 1 |
_aMorgan, Karyn I. _eAuthor |
|
| 245 | 1 | 0 |
_aDavis advantage for Townsend's essentials of psychiatric mental-health nursing : _bconcepts of care in evidence-based practice / _cKaryn I. Morgan. |
| 250 | _aNinth edition. | ||
| 260 |
_aPhiladelphia, PA : _bF.A. Davis Company, _c©2023. |
||
| 300 |
_axxx, 794 pages : _bIllustrations ; _c26 cm. |
||
| 336 |
_atext _btxt _2rdacontent |
||
| 337 |
_aunmediated _bn _2rdamedia |
||
| 338 |
_avolume _bnc _2rdacarrier |
||
| 504 | _aIncludes bibliographical references and index. | ||
| 650 | 2 | 2 | _vMental disorders -- nursing. |
| 650 | 2 | 2 | _vEvidence-based nursing -- Methods. |
| 650 | 2 | 2 | _vNursing. |
| 650 | 2 | 2 | _vPsychiatric Nursing -- methods. |
| 942 |
_2lcc _cBOOKS _eNinth edition. _hRC440 MOR _kRC _mMOR _n0 |
||
| 999 |
_c172049 _d172049 |
||